| 000 | 01084nam a22002417a 4500 | ||
|---|---|---|---|
| 001 | 3659 | ||
| 003 | FISKH | ||
| 005 | 20240913130508.0 | ||
| 008 | 240403b cb ||||| |||| 00| 0 eng d | ||
| 040 |
_aFISK _beng _cFISK _dFISK |
||
| 050 | _aPS2384.M6 | ||
| 082 | _a813.3 | ||
| 100 |
_aMelville Herman _d1819-1891 |
||
| 245 |
_aMoby dick / _cHerman Melville |
||
| 260 |
_aLondon : _bHarper Press, _c2013 |
||
| 300 |
_a618 pages : _c18 cm |
||
| 505 | _aZ | ||
| 520 | _aThe itinerant sailor Ishmael begins a voyage on the whaling ship Pequod whose captain, Ahab, wishes to exact revenge upon the whale Moby-Dick, who destroyed his last ship and took his leg. As they search for the savage white whale, Ishmael questions all aspects of life. The story is woven in complex, lyrical language and uses many theatrical forms, such as stage direction and soliloquy. It is considered the exemplar of American Romanticism, and one of the greatest American novels of all time. | ||
| 521 | 8 |
_a1230 _bLexile |
|
| 700 | _aHerman Melville | ||
| 942 |
_2ddc _cBK _n0 |
||
| 999 |
_c3659 _d3659 |
||